| 000 | 00427nam a22001577a 4500 | ||
|---|---|---|---|
| 003 | MACL | ||
| 005 | 20151119131255.0 | ||
| 008 | 151119b xxu||||| |||| 00| 0 eng d | ||
| 040 | _cMACL | ||
| 041 | _aHINDI | ||
| 082 | _a001 | ||
| 100 |
_aकाक अनुराग कपिलदास _917533 |
||
| 245 | _aनॉलेज खजाना | ||
| 650 |
_aसामान्य ज्ञान _9328 |
||
| 942 |
_2ddc _cHIN |
||
| 999 |
_c50724 _d50724 |
||